1695 1153 1653 1922 1488 1368 1834 1156 1380 1367 1420 1311 1088 1190 1757 1157 1095 1813 1136 1342 1170 1627 1735 1644 1123 1246 1103 1041 1168 1669 1794 1377 1136 1637 1925 1897 1689 1100 1307 1537 1756 1975 1341 1050 1247 1435 1545 1930 1002 1953 1546 1022 1373 1657 1868 1111 1978 1482 1101 1828 1252 1390 1075 1478 1887 1004 1280 1666 1149 1333 1517 1640 1530 1813 1656 1982 1904 1706 1691 1055 1615 1009 1086 1549 1999 1253 1327 1010 1016 1489 1464 1581 1842 1346 1470 1110 1461 1981 1797 BCNSPRNW ULIB Ver.6.0+V

เปลี่ยนเป็นภาษาไทย

Change to English
 แสดงรายละเอียดบรรณานุกรม
  กลับหน้าหลัก

Brief Record : Get Marc (ISO 2709) : E-mail record : QR code < ปิดหน้าต่าง
LEADER : 00000nam 2200000uu 4500
001    13399129156
003     ULIB
008    250807s2566||||th 000 0 tha d
020    ^a9786169154181
060 0  ^aWP 570^bค141น
110 2  ^aคณะผู้จัดทำแนวทางเวชปฏิบัติภาวะมีบุตรยาก (ฉบับ พ.ศ. 2566) ราชวิทยาลัยสูตินรีแพทย์แห่งประเทศไทย^eผู้จัดทำ
245 1  ^aแนวทางเวชปฏิบัติภาวะมีบุตรยาก (ฉบับ พ.ศ. 2566) /^cคณะผู้จัดทำแนวทางเวชปฏิบัติภาวะมีบุตรยาก (ฉบับ พ.ศ. 2566) ราชวิทยาลัยสูตินรีแพทย์แห่งประเทศไทย
250    ^aพิมพ์ครั้งที่ 1.
260    ^aกรุงเทพฯ :^bพี.เอ.ลีฟวิ่ง,^c2566
300    ^a180 หน้า :^bตาราง ;^c26ซม
650  2 ^aInfertility
650  2 ^aInfertility^xtherapy
710 2  ^aคณะผู้จัดทำแนวทางเวชปฏิบัติภาวะมีบุตรยาก (ฉบับ พ.ศ. 2566) ราชวิทยาลัยสูตินรีแพทย์แห่งประเทศไทย^eผู้จัดทำ
945    ^p300^l0^i011921
945    ^p300^l0^i011922
945    ^p300^l0^i011923
945    ^p300^l0^i011924
945    ^p300^l0^i011925
945    ^p300^l0^i011926
945    ^p300^l0^i011927
999    ^aประนอม เกษจรัล
รายการนี้ยังไม่มีแท็ก
คุณยังไม่ได้ล็อกอิน คุณสามารถมีกิจกรรมร่วมกับเว็บไซต์ได้ แต่ต้องล็อกอินก่อน ::
  ล็อกอิน

รายการสื่อสารสนเทศ

ลำดับที่ ประเภท เลขเรียก/บาร์โค้ด สถานที่ สถานะ
1. วิทยาศาสตร์การแพทย์ และสุขภาพ
หนังสือสำรอง
สถานะ=หนังสือสำรอง
WP 570 ค141น ฉ.1 
  Barcode: 011921
ห้องสมุดวิทยาเขตสวรรค์ประชารักษ์
►หนังสือทั่วไป
บนชั้น
2. วิทยาศาสตร์การแพทย์ และสุขภาพ
วิทยาศาสตร์การแพทย์ และสุขภาพ
WP 570 ค141น ฉ.2 
  Barcode: 011922
ห้องสมุดวิทยาเขตสวรรค์ประชารักษ์
►หนังสือทั่วไป
บนชั้น
3. วิทยาศาสตร์การแพทย์ และสุขภาพ
วิทยาศาสตร์การแพทย์ และสุขภาพ
WP 570 ค141น ฉ.3 
  Barcode: 011923
ห้องสมุดวิทยาเขตสวรรค์ประชารักษ์
►หนังสือทั่วไป
บนชั้น
4. วิทยาศาสตร์การแพทย์ และสุขภาพ
วิทยาศาสตร์การแพทย์ และสุขภาพ
WP 570 ค141น ฉ.4 
  Barcode: 011924
ห้องสมุดวิทยาเขตสวรรค์ประชารักษ์
►หนังสือทั่วไป
บนชั้น
5. วิทยาศาสตร์การแพทย์ และสุขภาพ
วิทยาศาสตร์การแพทย์ และสุขภาพ
WP 570 ค141น ฉ.5 
  Barcode: 011925
ห้องสมุดวิทยาเขตสวรรค์ประชารักษ์
►หนังสือทั่วไป
บนชั้น
6. วิทยาศาสตร์การแพทย์ และสุขภาพ
วิทยาศาสตร์การแพทย์ และสุขภาพ
WP 570 ค141น ฉ.6 
  Barcode: 011926
ห้องสมุดวิทยาเขตสวรรค์ประชารักษ์
►หนังสือทั่วไป
บนชั้น
7. วิทยาศาสตร์การแพทย์ และสุขภาพ
วิทยาศาสตร์การแพทย์ และสุขภาพ
WP 570 ค141น ฉ.7 
  Barcode: 011927
ห้องสมุดวิทยาเขตสวรรค์ประชารักษ์
►หนังสือทั่วไป
บนชั้น

รายการใกล้เคียง
    หัวเรื่อง [Infertility]

BibComment


ยังไม่เคยถูกคอมเมนท์

คอมเมนท์ทรัพยากรรายการนี้
  คอมเมนท์: แนวทางเวชปฏิบัติ..


 Copyright 2026. Bcnsprnw @Library